[Event "Moscow-chT"]
[Site "Moscow"]
[Date "2010.12.12"]
[Round "4"]
[White "Granovskiy, Alexandr"]
[Black "Skorodumov, Vladimir"]
[Result "1/2-1/2"]
[WhiteElo "2312"]
[BlackElo "2153"]
[PlyCount "162"]
[EventDate "2010.11.20"]
[EventType "team-tourn"]
[EventRounds "7"]
[EventCountry "RUS"]
[SourceTitle "CBM 139 Extra"]
[Source "ChessBase"]
[SourceDate "2011.01.05"]
[SourceVersion "1"]
[SourceVersionDate "2011.01.05"]
[SourceQuality "1"]
[WhiteTeam "Palace"]
[BlackTeam "October DC MEPI"]
[WhiteTeamCountry "RUS"]
[BlackTeamCountry "RUS"]

1. e4 c5 2. Nf3 g6 3. c4 Bg7 4. d4 d6 5. d5 Nf6 6. Nc3 0-0 7. Be2 Bg4 8. 0-0 a6 9. h3 Bxf3 10. Bxf3 Nbd7 11. Be2 Ne8 12. Bd2 Nc7 13. Qc2 e6 14. a4 a5 15. Rfe1 e5 16. Bd3 h5 17. Kh2 b6 18. Be3 Qe7 19. Qe2 Kh7 20. g3 h4 21. Qg4 hxg3+ 22. fxg3 Bh6 23. Nd1 Nf6 24. Qf3 Ng8 25. Rf1 Kg7 26. b3 Ne8 27. Ra2 Nef6 28. Bg1 Nh7 29. Ne3 Ng5 30. Qg2 Kh8 31. Raf2 Bg7 32. h4 Nh7 33. Qh3 Bh6 34. Ng4 Bg7 35. Bc2 Nh6 36. Ne3 Rad8 37. g4 f6 38. Rf3 Ng8 39. Ng2 Bh6 40. Be3 Bxe3 41. Nxe3 Qg7 42. R3f2 Qd7 43. Qg3 Qg7 44. Kg1 Qe7 45. Rh2 Nh6 46. Kh1 Rf7 47. Rhf2 Rff8 48. Bd1 Rg8 49. Qh3 Rgf8 50. Be2 Qd7 51. Kh2 Kg7 52. Rh1 Rf7 53. Kg2 Rdf8 54. Rhf1 Qe7 55. Qg3 Qd8 56. Kg1 Ng8 57. Bf3 Qd7 58. Bg2 Kh8 59. Bh3 Qe7 60. Rf3 Nh6 61. Kf2 Rg8 62. Ke2 Rgf8 63. Qe1 Rg7 64. Qd2 Qd8 65. Kd1 Ng8 66. Kc2 f5 67. exf5 Qxh4 68. fxg6 Rxf3 69. Rxf3 Rxg6 70. Nf5 Qg5 71. Qh2 Nh6 72. Qf2 Nxg4 73. Bxg4 Qxg4 74. Ne7 Rg7 75. Nf5 Rf7 76. Kb2 Rf6 77. Ka3 Qe4 78. Ka2 Qg4 79. Qf1 Qg5 80. Qf2 Qg4 81. Ka3 Qg5 1/2-1/2